| 000 | 00370nam a2200157Ia 4500 | ||
|---|---|---|---|
| 008 | 230312s9999||||xx |||||||||||||| ||und|| | ||
| 020 | _a0-07-114259-2 | ||
| 082 |
_a005.13 _bGOT |
||
| 100 | _aByron Gottfried | ||
| 245 | 0 | _aProgramming With C | |
| 260 |
_bMcGraw Hill _aUSA _c1996 |
||
| 300 | _a532 | ||
| 546 | _aEng. | ||
| 650 |
_aComputer _v0-07-114259-2 |
||
| 942 | _cBK | ||
| 999 |
_c3298 _d3298 |
||